000 00839nam a22002411 4500
001 000011066
005 20200929162341.0
008 740506s1967 maua b 000 0 eng
010 _a67027351
040 _aDO-SdBNP
_cDLC
_dDLC
043 _an-us---
050 0 0 _aR151
_b.R8
100 1 _aRutstein, David D.
_926569
245 1 4 _aThe coming revolution in medicine /
_c[by] David D. Rutstein.
260 _aCambridge, Mass., :
_bMIT Press,
_c[1967].
300 _axi, 180 p. :
_billus. ;
_c21 cm.
500 _aFour essays based on a series of lectures delivered at the Massachusetts Institute of Technology in the fall of 1966.
504 _aBibliographical footnotes.
650 0 _aMedicine
_zUnited States.
_926570
650 0 _aMedical care
_zUnited States.
_926571
910 _aCatalogación por copia / LC
082 0 0 _a610/.973
999 _c10791
_d10791